|
|
|
|
| LEADER |
00000cam a2200000 a 4500 |
| 001 |
vtls001486282 |
| 003 |
SK-MaSNL |
| 005 |
20260301122341.0 |
| 008 |
240801s2004 xo g 0000f slo |
| 015 |
|
|
|a SNBA2005/12-05709
|
| 020 |
|
|
|a 8055109257
|q (brož.)
|
| 035 |
|
|
|a SNK000441575
|
| 035 |
|
|
|a urn:nbn:sk:snk-amjdrw
|
| 035 |
|
|
|a urn:nbn:sk:snk-am003ee9
|
| 035 |
|
|
|a 63F2B964-071E-456A-8A5A-719029DB016C
|
| 040 |
|
|
|a SNK
|b slo
|c SNK
|e AACR2
|
| 041 |
1 |
|
|a slo
|h eng
|
| 044 |
|
|
|a xo
|c SK
|
| 072 |
|
7 |
|a 821.111(73)-3
|x Americká próza
|2 konspekt
|
| 080 |
|
|
|a 821.111 (73)-31
|2 snkbum
|
| 100 |
1 |
|
|a Martin, Kat,
|d 1947-
|4 aut
|9 85905
|
| 240 |
1 |
0 |
|a Heartless
|l Slovensky
|
| 245 |
1 |
0 |
|a Bez srdca
|c Kat Martinová ; [z anglického originálu preložila Mária Kočanová]
|
| 250 |
|
|
|a [1. vyd.]
|
| 260 |
|
|
|a Bratislava
|b Ikar
|c 2004
|
| 300 |
|
|
|a 319 s.
|c 18 cm
|
| 655 |
|
7 |
|a umelecká literatúra
|2 SNKPH
|9 60405
|
| 655 |
|
7 |
|a americké romány
|2 SNKPH
|9 1174
|
| 700 |
1 |
|
|a Kočanová, Mária,
|d 1955-
|4 trl
|9 123861
|
| 852 |
|
|
|a Slovenská národná knižnica
|
| 919 |
|
|
|a 80-551-0925-7
|
| 954 |
|
|
|a beletria cudzojazyčná (svetová)
|2 lita
|
| 958 |
|
|
|a UP
|
| 958 |
|
|
|a US
|
| 958 |
|
|
|a LX
|
| 968 |
|
|
|b ENG
|d 821
|
| 999 |
|
|
|c 732575
|d 734505
|
| 952 |
|
|
|t P60, <03>, [BOOK], {603}, -B-
|a SNK
|b SNK
|y PREZ
|7 0
|p 17A0451266
|o snkSD 74376
|i snkKSP 15133/2004
|0 0
|1 0
|4 0
|d 2004-11-30
|l 0
|r 2025-11-21 00:00:00
|w 2026-02-23
|
| 952 |
|
|
|t P60, <04>, [BOOK], {604}
|a SNK
|b SNK
|y VYP
|7 0
|p 17A0453373
|o snkSD 74376 D1
|i snkKSP 15196/2004
|0 0
|1 0
|4 0
|d 2004-12-01
|f 1
|l 0
|r 2005-01-02 00:00:00
|w 2026-02-23
|